vufinder Bibliothèque Municipale de Charleval de Provence
Se connecter
« Retourner aux résultats de recherche

Titanic

Book Cover
Support: Livres
Langue: Francais
Publié: 2003 Hachette collections Paris
Genre: Documentaire
Sujets:
Étiquettes: Ajouter
Pas de Tags !

LEADER 00731nam0a2200181 450
001 16848337
010 |a 2-84634-298-9  |b Cart.  |d 10 € 
100 |a 20030819d2003 u u0frey01 ba 
101 0 |a fre 
102 |a FR 
200 0 |a Titanic 
207 1 |a   
210 |a Paris  |c Hachette collections  |d 2003 
215 |a 288 p.  |c ill. en nb.  |d 28 x 22 cm 
330 |a Retrace l'épopée du transatlantique, jour après jour, heure après heure, minute après minute et dévoile les secrets du naufrage. Avec des témoignages inédits, des portraits et des objets récupérés. 
900 |a Documentaire 
901 |a Accessible au prêt 
995 |a Bibliothèque  |c Bibliothèque  |f 00156005092010  |h 00156005092010  |k 910.45 TIT  |o p  |q a  |r az  |e Bibliothèque 

Options de recherche

Historique de recherche
Recherche avancée

Trouver plus

Nouveautés

Besoin d'aide ?

Contacter un bibliothécaire